000 00585cam a22001697a 4500
008 180718b2002 xxu||||| |||| 00| 0 eng d
020 _a0821350293
082 _aOx54 P442b
100 _aPeters, David H.
245 _aBetter health systems for India's poor: findings, analysis, and options
_cby David H. Peters, et.al.
260 _aWashington, D.C.
_bThe World Bank
_c2002
300 _a347p.
440 _aHuman Development Network: Health, Nutrition, and Population Series
650 _aPoverty - India
650 _aMedical policy - India
650 _aPoor - Health and hygine
999 _c288729
_d288729